000 00545nam a2200229Ia 4500
003 OSt
005 20220918201814.0
006 a|||||r|||| 00| 0
007 ta
008 220917b |||||||| |||| 00| 0 eng d
024 _a96,592
037 _cTextual
040 _aARTS
_cARTS
_beng
041 _2eng
_aeng
082 _aV2:21wL60, C3
100 _aHutton
_9100778
245 0 _aMarquess Wellesley
260 _c1893
650 _aHISTORY
942 _hV2:21wL60, C3
_cTEXL
_2CC
999 _c220201
_d220201